Estadísticas para Acertijo Generador #1

Haz click aquí para intentar la prueba.

Estadísticas generales

  • Esta prueba ha sido intentada 191 veces
  • La puntuación promedio es 6 de 21

Estadísticas de respuestas

palabra% Correcto
color femeninorosa
76%
dirección de la brújulasur
68%
signo del zodiacoAries
64%
fuente en un desiertooasis
57%
moneda de varios paíseseuro
50%
escritor de librosautor
34%
país creado, nuevamente, en 1991Rusia
34%
corriente granderío
29%
fabricante de ropasastre
28%
país americano en dos idiomasUSA
28%
pequeño momentorato
18%
país americano en dos idiomasEUA
14%
dorado, amarilloáureo
13%
demente, loco, chifladoorate
13%
palabra de 9 letrasESTUARIOS
9%
pañuelo de papeltisú
9%
Julio / Agosto, en el hemisferio norteestío
7%
¿Cómo habla una serpiente?siseo
7%
sobrio, grave, serio, frugalaustero
1%
diccionariotesauro
1%
herida curada por costurasutoria
0%

Distribución de puntuación

Porcentaje por número respondido

Porcentaje de gente con cada puntuación

Historial de tus puntuaciones

No has intentado esta prueba.